SYMPOSIUM SOBRE DERECHO NATURAL Y AXIOLOGIA

Na minha lista:
Detalhes bibliográficos
Autor Corporativo: Congreso Internacional de Filosofía ( México)
Formato: Procedimiento de la conferencia Livro
Assuntos:
Tags: Adicionar Tag
Sem tags, seja o primeiro a adicionar uma tag!

MARC

LEADER 00000nam^a2200000^a^4500
001 000216213
005 20250521000000.0
009 20260310103647.404
035 |a 015403 
037 |a Acervo Xavier Clavigero 
082 |a 171. 2  |b CON 
111 1 |a Congreso Internacional de Filosofía (  |n 13O :  |d 1963 :  |c México) 
245 1 0 |a SYMPOSIUM SOBRE DERECHO NATURAL Y AXIOLOGIA 
264 |a México :  |b UNAM, Centro de Estudios Filosóficos,  |c 1941 
300 |a 143p. 
336 |a texto  |b txt  |2 rdacontenido 
337 |a sin mediación  |b n  |2 rdamedio 
338 |a volumen  |b nc  |2 rdasoporte 
649 |a XX 
650 |a Derecho Natural 
910 |a Fondo General 
920 |a Impresos - Libros 
930 |a Colección General 
905 |a 101 
901 |a 015403  |b IT1  |c ACC  |i 015403  |u 20250521 
901 |a 005902  |b IT1  |c ACC  |i 005902  |u 20250521 
901 |a 015400  |b IT1  |c ACC  |i 015400  |u 20250521 
901 |a 015402  |b IT1  |c ACC  |i 015402  |u 20250521 
902 |a https://opac.biblio.iteso.mx/vufind/Record/000216213